|
|
|
|
| LEADER |
00000nab a2200000 a 4500 |
| 001 |
vtls000597983 |
| 003 |
SK-MaSNL |
| 005 |
20260318132825.0 |
| 008 |
180331c1996 xo 0 hun |
| 015 |
|
|
|a SNBRB19rr/mm-uuuuu
|
| 035 |
|
|
|a CL0598122
|
| 040 |
|
|
|a SNKBUCL
|b slo
|c SNKBUCL
|e AACR2
|
| 041 |
0 |
|
|a hun
|
| 044 |
|
|
|a xo
|c SK
|
| 080 |
|
|
|a 792(437.6=945.11):792.2
|2 1981
|
| 080 |
|
|
|a 792.2
|2 1981
|
| 080 |
|
|
|a 34.023
|2 1981
|
| 080 |
|
|
|a 323.15(437.6=945.11)
|2 1981
|
| 245 |
0 |
0 |
|a Nyílt levél és tiltakozó nyilatkozat Ivan Hudec szlovák kulturális miniszternek
|
| 610 |
2 |
7 |
|a Jókaiho divadlo v Komárne - Komáromi Jókai Színház
|2 snkbucl
|9 32950
|
| 610 |
2 |
7 |
|a Csemadok.
|b Oblastná organizácia (Komárno, Slovensko)
|2 snkbucl
|9 1225408
|
| 655 |
|
7 |
|a články z novín a časopisov
|2 snkbucl
|9 267496
|
| 773 |
0 |
|
|t Szabad újság
|g Roč. 4, č. 37 (1996), s. 11
|
| 850 |
|
|
|a Slovenská národná knižnica v Martine
|a DSG001
|
| 852 |
|
|
|a SNK
|b KIS3GCP
|
| 958 |
|
|
|a RK
|
| 958 |
|
|
|a HU
|
| 958 |
|
|
|a SK
|
| 992 |
|
|
|a RBX
|
| 999 |
|
|
|c 2154152
|d 2156082
|